Fictional Characters Who Are Yellow Quiz Stats

 Plays Quiz Updated Dec 30, 2014

Challenge
Share
Tweet
Score 0/20 Timer 07:00
10 Plays Today
% Correct
SpongeBob SquarePants
98.9%
Homer Simpson
98.8%
Winnie the Pooh
97.7%
Ronald McDonald
96.6%
Tweety Bird
95.6%
Simba
94.4%
Big Bird
92.9%
Belle
90.3%
Pikachu
89.3%
The Minions
88.9%
% Correct
Bert
87.7%
Wolverine
83.2%
Pac-Man
81.5%
Wario
74.9%
Bumblebee
69.4%
Woodstock
66.1%
Odie
63.1%
Bananas in Pajamas
50%
The Bride
48.4%
Princess Daisy
37.6%

You're not logged in!

Compare scores with friends on all Sporcle quizzes.
OR
Log In

You Might Also Like...

Show Comments

Extras

Top Quizzes Today


Score Distribution

Your Account Isn't Verified!

In order to create a playlist on Sporcle, you need to verify the email address you used during registration. Go to your Sporcle Settings to finish the process.

Report this User

Report this user for behavior that violates our Community Guidelines.

Details: